Art Quiz #3 - Statistiques

Statistiques générales
  • Ce quiz a été pris 49 fois
  • Le résultat moyen est 4 sur 15
Statistiques - réponses
Par images Réponse % Correct
La Laitière - Johannes Vermeer
86%
La Jeune Fille à la perle - Johannes Vermeer
78%
Impression, soleil levant - Claude Monet
49%
Les Ambassadeurs - Hans Holbein le Jeune
38%
Les Époux Arnolfini - Jan van Eyck
38%
Ophélie - John Everett Millais
30%
Le Printemps - Sandro Botticelli
27%
Le Jardin des délices - Jérôme Bosch
24%
Le Fils de l'homme - René Magritte
16%
Un dimanche après-midi à l'île de la Grande Jatte - Georges Seurat
14%
Le Dernier Voyage du Téméraire - Joseph William Turner
11%
Le Rêve - Henri "Le Douanier" Rousseau
5%
Terrasse du café le soir - Vincent van Gogh
5%
La Mélancolie - Lucas Cranach l'Ancien
3%
Le Couronnement d'épines - Titien
3%
Aucun quiz correspondant
Distribution des résultats
% des personnes avec chaque résultat
Percentile par nombre de réponses
Votre historique - résultats
Vous n’avez pas pris ce quiz